2009年の総選挙で小選挙区当選した自民党議員サドンデス - Statistics

General Stats
  • This quiz has been taken 243 times
  • The average score is 12 of 40
Answers on the Grid
Answers color-coded by a green-red scale on the quiz's grid according to % correct below.
伊吹文明
茂木敏充
武部勤
小渕優子
額賀福志郎
吉野正芳
大島理森
菅義偉
鴨下一郎
安倍晋三
佐藤勉
岸田文雄
河野太郎
石破茂
小野寺五典
平沢勝栄
福田康夫
町村信孝
中谷元
与謝野馨
高市早苗
棚橋泰文
野田毅
小里泰弘
竹下亘
山口俊一
衛藤征士郎
稲田朋美
加藤紘一
森山裕
谷川弥一
岩屋毅
野田聖子
谷垣禎一
二階俊博
古川禎久
今村雅弘
村上誠一郎
石田正敏
西村康稔
甘利明
武田良太
古屋圭司
細田博之
林幹雄
中川昭一
望月義夫
金田勝年
加藤勝信
下村博文
江藤拓
江渡聡徳
堀内光雄
山口泰明
坂本哲志
金子恭之
保岡興治
船田元
石原伸晃
高村正彦
河村建夫
森喜朗
赤沢亮正
渡海紀三朗
梶山弘志
上川陽子
逢沢一郎
徳田毅
山崎拓
海部俊樹
北村誠吾
高木毅
 
Answer Stats
Answer % Correct
石破茂
83%
安倍晋三
80%
岸田文雄
71%
河野太郎
71%
菅義偉
66%
茂木敏充
60%
小渕優子
55%
福田康夫
41%
二階俊博
41%
小野寺五典
39%
平沢勝栄
37%
大島理森
34%
谷垣禎一
32%
村上誠一郎
29%
森山裕
26%
西村康稔
26%
森喜朗
26%
細田博之
24%
中谷元
23%
竹下亘
22%
加藤勝信
22%
石原伸晃
22%
逢沢一郎
21%
棚橋泰文
20%
赤沢亮正
19%
加藤紘一
18%
高村正彦
18%
稲田朋美
17%
武田良太
17%
古川禎久
16%
下村博文
16%
小里泰弘
15%
坂本哲志
15%
金子恭之
14%
河村建夫
14%
江藤拓
13%
梶山弘志
13%
江渡聡徳
11%
高木毅
10%
徳田毅
8%
No matching quizzes found
Score Distribution
Percent of People with Each Score
Percentile by Number Answered
Your Score History
You have not taken this quiz